000
00299nam a2200121 a 4500
001
4144
005
20140414131853.0
008
090317s19uu xx 00 eng d
050
_a
M 591.59
_b
Ar8 1988
100
_a
Arvetis, Chris
245
_a
Why do birds sing? :
_b
a just ask book.
999
_c
110281
_d
110281